[Event "SVK-chT 1819"]
[Site "Slovakia"]
[Date "2019.02.17"]
[Round "6.6"]
[White "Szucs, Vladimir"]
[Black "Lintner, Igor"]
[Result "1/2-1/2"]
[WhiteElo "2144"]
[BlackElo "2161"]
[PlyCount "37"]
[EventDate "2018.11.10"]
[EventType "team-tourn"]
[EventRounds "11"]
[EventCountry "SVK"]
[SourceTitle "CBM 188 Extra"]
[Source "ChessBase"]
[SourceDate "2019.02.26"]
[SourceVersion "1"]
[SourceVersionDate "2019.02.26"]
[SourceQuality "1"]
[WhiteTeam "Podhajska Aquamarin"]
[BlackTeam "Osuske"]
[WhiteTeamCountry "SVK"]
[BlackTeamCountry "SVK"]

1. d4 e6 2. c4 Bb4+ 3. Bd2 a5 4. Nf3 Nc6 5. Nc3 d6 6. a3 Bxc3 7. Bxc3 d5 8. e3 Nf6 9. Bd3 0-0 10. 0-0 b6 11. Rc1 Bb7 12. Qc2 dxc4 13. Bxc4 Ne7 14. Ne5 Qd6 15. Be2 Rfc8 16. Bf3 Bxf3 17. Nxf3 Qd5 18. Qe2 Ne4 19. Nd2 1/2-1/2